Statistics for Sidemen Name Quiz

Click here to take the quiz!

General Stats

  • This quiz has been taken 537 times
  • The average score is 5 of 7

Answer Stats

YTB NameFull Name% Correct
MiniminterSimon Minter
93%
WroetoshawHarry Lewis
88%
BehzingaEthan Payne
87%
TBJZLTobi Brown
74%
KSIOlajide Olatunji
66%
ZerkaaJosh Bradley
55%
Vikkstar123Vikram Barn
54%

Score Distribution

Percentile by Number Answered

Percent of People with Each Score

Your Score History

You have not taken this quiz